000 00787nam a2200217 a 4500
001 BRL_1701
005 20190320211329.0
008 270514s1980----mx-a######---#000-0#spa-#
041 _aspa
044 _amx
050 4 _aN6559.T65
_b.F73 1980
245 1 0 _aFrancisco Toledo
_bexposición Retrospectiva, 1963/1979 : óleos, técnicas mixtas, dibujos, gouaches, acuarelas, gráficas, esculturas en bronce, cerámica
260 _aMéxico
_bINBA : SEP
_c1980
300 _a70 p.
_bil., láminas
_c27 cm.
500 _aAu2135
500 _aCatálogo de la exposición celebrada en el Museo de Arte Moderno, Bosque de Chapultepec, México D.F., 1980
600 1 4 _aToledo, Francisco
_d1940-
_vExposiciones
_926261
650 1 4 _aPintores mexicanos
_94220
902 _aGRL
942 _2lcc
_cB
999 _c10509
_d10509